000 01143nam2a22002171 4500
001 RU\NLR\A1SV\9721
005 20251203152403.2
035 _a(NLR Aleph) 009695210
090 _a13477645
_c13477645
100 _a19990121d1926 u y0rusy50 ca
101 1 _arus
_cger
200 1 _aБолезни грудных детей
_fПер. с 6-го перераб. нем. изд. д-ра Г.И.Гордона
_gС 26 рис. в тексте
_g(Prof. D-r Walter Birk Säuglingskrankheiten, 6. umgearb. Aufl. Bonn, 1922)
210 _d1926
215 _aVIII, 164 с.
_cдиагр.
461 1 _1001RU\NLR\A1SV\9720
_12000#$aДетские болезни$fProf. D-r Walter Birk, дир. Унив. дет. клиники в Тюбингене$vЧ.1
_1700#1$6z01790$aБирк$bВ.$f1880-1954$gВальтер
_99755459
_aБирк, В. (1880-1954)
_cЛ.
_d1926-1927
_e3-е рус. изд.
_fProf. D-r Walter Birk, дир. Унив. дет. клиники в Тюбингене
_nПракт. медицина
_tДетские болезни
_vЧ.1
801 0 _aRU
_bNLR
_c19990121
852 _aNLR
_j28/337
942 _cBOOK
980 _aA1SV
980 _aNB